Not a civil affair (Record no. 80399)

MARC details
000 -LEADER
fixed length control field 01122cab a22002535a 4500
001 - CONTROL NUMBER
control field L144249
008 - FIXED-LENGTH DATA ELEMENTS--GENERAL INFORMATION
fixed length control field 080707e20080619xxk f 000 0 eng d
035 ## - SYSTEM CONTROL NUMBER
System control number (Sirsi) u144249
041 0# - LANGUAGE CODE
Language code of text/sound track or separate title eng
100 1# - MAIN ENTRY--PERSONAL NAME
Personal name Levy, Jonathan
245 00 - TITLE STATEMENT
Title Not a civil affair
260 ## - PUBLICATION, DISTRIBUTION, ETC.
Date of publication, distribution, etc. 2008
490 ## - SERIES STATEMENT
Series statement Taxation
Volume/sequential designation 161(4161) 19 June 2008, 655-656(21)
520 ## - SUMMARY, ETC.
Summary, etc. Discusses fraud, including the differences between civil and criminal fraud. Considers: who is responsible for investigating fraud; definition of fraud; cases dealt with by the Special Civil Investigations office and the investigative procedure; the interview follow-up report; penalties. Stresses the importance of the post-interview report. Cautions that advisers should proceed carefully as dishonesty may be prosecuted.
590 ## - LOCAL NOTE (RLIN)
Local note KA
650 24 - SUBJECT ADDED ENTRY--TOPICAL TERM
Topical term or geographic name entry element FINANCE ACT 2007
650 24 - SUBJECT ADDED ENTRY--TOPICAL TERM
Topical term or geographic name entry element FRAUD
650 24 - SUBJECT ADDED ENTRY--TOPICAL TERM
Topical term or geographic name entry element CIVIL INVESTIGATION OF FRAUD(CIF) PROCEDURE
650 24 - SUBJECT ADDED ENTRY--TOPICAL TERM
Topical term or geographic name entry element CODE OF PRACTICE 9
650 24 - SUBJECT ADDED ENTRY--TOPICAL TERM
Topical term or geographic name entry element R V CUNNINGHAM, CHARLTON, WHEELER AND KITCHEN
651 #4 - SUBJECT ADDED ENTRY--GEOGRAPHIC NAME
Geographic name England and Wales
Chronological subdivision 1543-
690 ## - LOCAL SUBJECT ADDED ENTRY--TOPICAL TERM (OCLC, RLIN)
Topical term or geographic name as entry element PROPERTY-ACQUISITION AND DISPOSAL OF PROPERTY
942 ## - ADDED ENTRY ELEMENTS (KOHA)
Suppress in OPAC 0
Holdings
Withdrawn status Lost status Source of classification or shelving scheme Damaged status Not for loan Home library Current library Shelving location Date acquired Total Checkouts Full call number Barcode Date last seen Copy number Price effective from Koha item type
    Dewey Decimal Classification     London London Journal article 07/07/2008   L144249 144249-1001 06/08/2019 1 06/08/2019 Journal article